000 00631nam a22001817a 4500
005 20251108164147.0
008 250721s1991 xx 000 0 ara d
082 1 4 _a341763/مني
100 1 _aعبد المجيد، منير
245 1 0 _aتنازع القوانين في علاقات العمل الفردية :
_bعلاقة العمل الدولية /
264 1 _aالإسكندريه :
_bمنشأة المعارف،
_c1991.
300 _a339ص
490 0 _aالكتب القانونيه
650 1 7 _aالقانون الدولي الخاص
650 1 7 _aالعمل و العمال
942 _2ddc
_cBK
999 _c5147
_d5147